Исследование биосовместимых и коррозионностойких покрытий, нанесенных на титановый сплав ВТ6 методом электроискрового легирования; Высокие технологии в современной науке и технике

Xehetasun bibliografikoak
Parent link:Высокие технологии в современной науке и технике.— 2014.— [С. 21-25]
Egile nagusia: Павленко А. М.
Gaia:Заглавие с титульного экрана
Hizkuntza:errusiera
Argitaratua: 2014
Saila:Пучково-плазменные и электроразрядные технологии
Gaiak:
Sarrera elektronikoa:http://earchive.tpu.ru/handle/11683/21099
http://www.lib.tpu.ru/fulltext/c/2014/C17/004.pdf
Formatua: Baliabide elektronikoa Liburu kapitulua
KOHA link:https://koha.lib.tpu.ru/cgi-bin/koha/opac-detail.pl?biblionumber=605572

MARC

LEADER 00000naa2a2200000 4500
001 605572
005 20231101132347.0
035 |a (RuTPU)RU\TPU\conf\2884 
035 |a RU\TPU\conf\2883 
090 |a 605572 
100 |a 20140421d2014 k y0rusy50 ca 
101 0 |a rus 
102 |a RU 
105 |a y z 101zy 
135 |a drnn ---uucaa 
181 0 |a i  
182 0 |a b 
200 1 |a Исследование биосовместимых и коррозионностойких покрытий, нанесенных на титановый сплав ВТ6 методом электроискрового легирования  |f А. М. Павленко 
203 |a Текст  |c электронный 
225 1 |a Пучково-плазменные и электроразрядные технологии 
230 |a 1 компьютерный файл (pdf; 537 Кб) 
300 |a Заглавие с титульного экрана 
320 |a [Библиогр.: с. 24-25 (9 назв.)] 
337 |a Adobe Reader 
463 0 |0 (RuTPU)RU\TPU\conf\2834  |t Высокие технологии в современной науке и технике  |o сборник научных трудов III Международной научно-технической конференции молодых ученых, аспирантов и студентов, г. Томск, 26-28 марта 2014 г.  |f Национальный исследовательский Томский политехнический университет (ТПУ)  |v [С. 21-25]  |d 2014 
610 1 |a труды учёных ТПУ 
610 1 |a электронный ресурс 
610 1 |a характеристики 
610 1 |a биосовместимые покрытия 
610 1 |a коррозионностойкие покрытия 
610 1 |a титановые сплавы 
610 1 |a ВТ6 
610 1 |a электроискровое легирование 
700 1 |a Павленко  |b А. М. 
801 2 |a RU  |b 63413507  |c 20210421  |g RCR 
856 4 |u http://earchive.tpu.ru/handle/11683/21099 
856 4 |u http://www.lib.tpu.ru/fulltext/c/2014/C17/004.pdf 
942 |c BK